| 000 | 00601pam a2200193 a 4500 | ||
|---|---|---|---|
| 001 | 4714697 | ||
| 005 | 20250207192802.0 | ||
| 008 | 830630s1984 paua b 001 0 eng | ||
| 020 | _a0721675395 | ||
| 050 | 1 | 0 |
_aRC48 _b.R44 1984 |
| 082 | 0 | 0 |
_a616 _219 |
| 100 | 1 | _aReilly, Brendan M. | |
| 245 | 1 | 0 |
_aPractical strategies in outpatient medicine / _cBrendan M. Reilly ; illustrations by Bruce Farrell. |
| 260 |
_aPhiladelphia : _bW. B. Saunders, _c1984. |
||
| 300 |
_axviii, 806 p. : _bill. ; _c29 cm. |
||
| 650 | 0 | _aAmbulatory medical care. | |
| 650 | 2 |
_aAmbulatory care _xMethods. |
|
| 942 |
_2lcc _cBK _n0 |
||
| 999 |
_c3606 _d3606 |
||